000 00447nam a2200181Ia 4500
001 11072
005 20260306161919.0
008 260306t2019||||xx |||||||||||||| ||spa||
041 _aESP
082 _a985.004
_bM12
100 _aMc Evoy, Carmen
_eAUT
245 0 _aPerú:
_breflexiones sobre lo cotidiano y la historia
260 _c2019
300 _a354 páginas :
_c22 cm.
650 _aGEN
654 _aCHU
942 _cLIB
_dJUS
_fJUS
_2ddc
_n
999 _c11072
_d11072